000 00512nam a2200169Ia 4500
999 _c30088
_d30088
003 OSt
005 20210111122739.0
008 190216s9999||||xx |||||||||||||| ||und||
040 _coclc
082 _a150
_bFAR/M
100 _aFarooq, S L P Umar
_98080
245 0 _aManaspandam :
_bBala Manasukaliloode Oru Sancharam /
_cS L P Umar Farooq
260 _bPratheeksha Publications,
_c2011.
_aKozhikode:
300 _a98p
650 _aPsycology
942 _cBK
_2ddc
_h150
_iFAR/M
_k150
_mFAR/M